| 000 | 00745nam a2200289Ia 4500 | ||
|---|---|---|---|
| 001 | 6313 | ||
| 005 | 20240113233912.0 | ||
| 007 | ta | ||
| 008 | 050625s1995 g b000 u eng u | ||
| 020 | _a81-224-0563-0 | ||
| 040 | _aCotton College,Assam | ||
| 041 | _aeng | ||
| 082 |
_a512.943 _bJo 77 Ma |
||
| 100 | _aJoshi, A.W. . | ||
| 245 | 0 |
_aMatrices & Tensors in Physics / _cA.W. Joshi. _hTextual Documents |
|
| 250 | _a3rd ed. / | ||
| 260 |
_aNew Delhi : _bNew Age International ( P ) Limited , _c1995. |
||
| 300 |
_a342p. ; _c23cm. |
||
| 504 | _aIndex | ||
| 653 | _aMathematics | ||
| 653 | _aMatrices | ||
| 653 | _aTensors | ||
| 653 | _aPG-Mathematics | ||
| 942 |
_2ddc _cBK |
||
| 999 |
_c6300 _d6300 |
||